As 20 Maiores Cidades da China - Statistics

Estatísticas Gerais
  • Esse quiz foi jogado 30 vezes
  • A pontuação média é 7 de 20
Estatísticas das Respostas
População Cidade % Correto
18 mi Pequim
100%
21 mi Xangai
96%
16 mi Cantão
73%
10 mi Wuhan
73%
17 mi Shenzhen
50%
9.5 mi Xunquim
42%
11 mi Tianjin
38%
9.3 mi Xian
38%
13 mi Chengdu
35%
7.5 mi Nanquim
35%
9.2 mi Hangzhou
31%
6.1 mi Qingdao
19%
5.8 mi Suzhou
15%
5.6 mi Changsha
12%
9.6 mi Dongguan
12%
7.0 mi Shenyang
12%
6.4 mi Zhengzhou
12%
5.2 mi Kunming
8%
5.6 mi Jinan
4%
9.0 mi Foshan
0%
Nenhum quiz correspondente encontrado
Distribuição das Pontuações
Porcentagem de Pessoas com Cada Pontuação
Percentil de Números Respondidos
Sua Pontuação Histórica
Você não jogou esse quiz